000 00320nam a2200133Ia 4500
008 191201s2012 xx 000 0 und d
082 _a510
_bSAI
100 _aSASTRY,SS
245 0 _aIntroductory methods of numerical Analysis
250 _a5th
260 _c2012
_bPHI
_aNEW DELHI
300 _a450
942 _2ddc
_cBK
_01
999 _c7769
_d7769